| 000 | 01259cam a2200349 i 4500 | ||
|---|---|---|---|
| 999 |
_c7863 _d7863 |
||
| 001 | 16418555 | ||
| 003 | OSt | ||
| 005 | 20200127153901.0 | ||
| 008 | 100816s2010 ii a 001 0 eng | ||
| 010 | _a 2010281905 | ||
| 020 | _a9780198064343 (pbk.) | ||
| 020 | _a0198064349 (pbk.) | ||
| 040 |
_aDLC _beng _coclc _dDLC _erda |
||
| 042 | _apcc | ||
| 050 | 0 | 0 |
_aHG6024.A3 _bS685 2010 |
| 082 | 0 | 0 |
_a332.6457 _223 _bSRI/D |
| 100 |
_aSrivastava, Rajiv _91618 |
||
| 245 | 1 | 0 |
_aDERIVATIVES AND RISK MANAGEMENT / _cRAJIV SRIVASTAVA |
| 264 | 1 |
_aNew Delhi : _bOXFORD UNIVERSITY PRESS, _c2010. |
|
| 300 |
_axvi, 592 pages : _billustrations ; _c25 cm |
||
| 336 |
_atext _2rdacontent |
||
| 337 |
_aunmediated _2rdamedia |
||
| 338 |
_avolume _2rdacarrier |
||
| 500 | _aIncludes index. | ||
| 650 | 0 | _aDerivative securities. | |
| 650 | 0 | _aRisk management. | |
| 856 | 4 | 2 |
_3Publisher description _uhttp://www.loc.gov/catdir/enhancements/fy1013/2010281905-d.html |
| 856 | 4 | 1 |
_3Table of contents only _uhttp://www.loc.gov/catdir/enhancements/fy1013/2010281905-t.html |
| 906 |
_a7 _bcbc _corigres _d2 _encip _f20 _gy-gencatlg |
||
| 942 |
_2ddc _cBK _h332.6457 _iSRI/D _k332.6457 _mSRI/D |
||